000 00281nam a2200121Ia 4500
003 GCL
008 140319s9999 xx 000 0 ara d
040 _aGCL /
_cGCL
082 0 4 _a813.01
_bى ب
245 1 0 _aالبطل : مجموعة قصص مصرية
300 _a92 ص
490 _a
999 _c39839
_d39839